| 000 | 01219cad a22002295a 4500 | ||
|---|---|---|---|
| 001 | L141456 | ||
| 008 | 070807s2007 xxkd f s 000 0 eng d | ||
| 035 | _a(Sirsi) u141456 | ||
| 041 | 0 | _aeng | |
| 050 | 0 | 4 | _a333.33 $2 18 |
| 110 | 2 |
_aSavills Research _95211 |
|
| 245 | 0 | 0 |
_aPrime market bulletin _bautumn 2007 _h[electronic resource] |
| 260 |
_aLondon _bSavills Research _c2007 |
||
| 520 | _aFinds that growth in prime central London residential values is not reaching earlier expectations. Reduces the growth prediction in these properties from 22% to 18%. Prime property is still expected to outperform other markets. The current market environment is reflected in the low quarterly growth of country houses. More caution amongst owner occupier and investor markets is predicted. This may lead to an increase in tenant demand and decline in rental supply which will support rental values. | ||
| 590 | _aKA | ||
| 651 | 4 |
_aUnited Kingdom _y |
|
| 690 | _aPROPERTY-RESIDENTIAL PROPERTY-RESIDENTIAL PROPERTY MARKET | ||
| 700 | 1 | _aBlack, Harriet | |
| 700 | 1 | _aCook, Lucian | |
| 856 | 4 | 0 |
_uhttps://www.savills.co.uk/research/Report.aspx?nodeID=8978 _zView the item free of charge at www.savills.co.uk... |
| 942 | _n0 | ||
| 999 |
_c107674 _d107674 |
||